[Event "Passau op 8th"]
[Site "Passau"]
[Date "2000.04.23"]
[Round "5"]
[White "Bussjaeger, Johann"]
[Black "Kubinger, Franz"]
[Result "1-0"]
[WhiteElo "1750"]
[BlackElo "1572"]
[PlyCount "119"]
[EventDate "2000.04.21"]
[EventType "swiss"]
[EventRounds "7"]
[EventCountry "GER"]
[SourceTitle "CBM 076 Extra"]
[Source "ChessBase"]
[SourceDate "2000.07.11"]
[SourceVersion "1"]
[SourceVersionDate "2000.07.11"]
[SourceQuality "1"]

1. e4 c5 2. Nf3 Nc6 3. d4 cxd4 4. Nxd4 e5 5. Nb5 d6 6. N1c3 a6 7. Na3 b5 8. Nd5 Nf6 9. Bg5 Qa5+ 10. Bd2 Qd8 11. Bg5 Be7 12. Nxe7 Qxe7 13. c4 Nd4 14. cxb5 Qb7 15. Be3 Qxe4 16. Qd3 Bb7 17. Qxe4 Bxe4 18. Bxd4 exd4 19. bxa6 0-0 20. f3 Bf5 21. Bb5 Bc8 22. 0-0-0 Bxa6 23. Bxa6 Rxa6 24. Rxd4 Rc8+ 25. Kb1 Rb8 26. Rd3 d5 27. Rc1 Rab6 28. Rc2 Re6 29. b3 g6 30. Rdc3 d4 31. Rd3 Rd6 32. Rcd2 Nd5 33. Kb2 Nf4 34. Rxd4 Rxd4 35. Rxd4 Nxg2 36. Nc2 h5 37. b4 Re8 38. b5 Re2 39. Kc3 g5 40. b6 Re7 41. a4 Nf4 42. Rd8+ Kg7 43. Nd4 Kg6 44. Rd6+ f6 45. a5 Rb7 46. a6 Rxb6 47. Rxb6 Nd5+ 48. Kc4 Nxb6+ 49. Kb5 Nc8 50. Kc6 g4 51. fxg4 hxg4 52. Kc7 Na7 53. Kb7 f5 54. Kxa7 f4 55. Ne2 f3 56. Ng3 Kg5 57. Kb6 Kh4 58. a7 Kh3 59. a8Q Kxh2 60. Qb8 1-0

[Event "Passau op 7th"]
[Site "Passau"]
[Date "1999.04.04"]
[Round "6"]
[White "Dost, Andreas"]
[Black "Kubinger, Franz"]
[Result "1-0"]
[WhiteElo "1880"]
[BlackElo "1525"]
[PlyCount "120"]
[EventDate "1999.04.02"]
[EventType "swiss"]
[EventRounds "7"]
[EventCountry "GER"]
[SourceTitle "EXT 2000"]
[Source "ChessBase"]
[SourceDate "1999.11.16"]
[SourceVersion "1"]
[SourceVersionDate "1999.11.16"]
[SourceQuality "1"]

1. e4 c5 2. Nf3 Nc6 3. d4 cxd4 4. Nxd4 e5 5. Nb5 d6 6. N1c3 a6 7. Na3 Nf6 8. Bg5 h6 9. Bxf6 Qxf6 10. Nd5 Qd8 11. Nc4 b5 12. Nce3 Be6 13. c3 Be7 14. Bd3 Bg5 15. 0-0 0-0 16. a4 Bxe3 17. axb5 Bxf2+ 18. Rxf2 Bxd5 19. exd5 Ne7 20. bxa6 f5 21. Kh1 Qb6 22. Re2 e4 23. Qg1 Qc7 24. Bb5 Nxd5 25. Qd4 Nf6 26. Ree1 d5 27. Be2 Rfb8 28. b4 Rc8 29. b5 Rcb8 30. Reb1 Rb6 31. c4 dxc4 32. Qxc4+ Qxc4 33. Bxc4+ Kf8 34. Kg1 Ra7 35. Rd1 Ke7 36. h3 Ne8 37. Rd5 Nd6 38. Be2 g5 39. Rad1 Ke6 40. Rxd6+ Rxd6 41. Rxd6+ Kxd6 42. b6 Rxa6 43. Bxa6 Kc6 44. b7 Kc7 45. Kf2 f4 46. Ke2 Kb8 47. Kd2 Kc7 48. Kc3 f3 49. g3 e3 50. Kd3 e2 51. Kd2 h5 52. g4 hxg4 53. hxg4 Kb8 54. Bd3 Kxb7 55. Be4+ Kc7 56. Bxf3 e1Q+ 57. Kxe1 Kd6 58. Kd2 Ke6 59. Ke3 Ke5 60. Be2 Kd5 1-0

[Event "Passau op 7th"]
[Site "Passau"]
[Date "1999.04.02"]
[Round "2"]
[White "Mayr, Guenter"]
[Black "Kubinger, Franz"]
[Result "1-0"]
[WhiteElo "1869"]
[BlackElo "1525"]
[PlyCount "50"]
[EventDate "1999.04.02"]
[EventType "swiss"]
[EventRounds "7"]
[EventCountry "GER"]
[SourceTitle "EXT 2000"]
[Source "ChessBase"]
[SourceDate "1999.11.16"]
[SourceVersion "1"]
[SourceVersionDate "1999.11.16"]
[SourceQuality "1"]

1. e4 c5 2. Nf3 Nc6 3. d4 cxd4 4. Nxd4 e5 5. Nb5 d6 6. N1c3 a6 7. Na3 b5 8. Nd5 Nf6 9. Bg5 Qa5+ 10. Bd2 Qd8 11. Bg5 Be7 12. Bxf6 Bxf6 13. c3 0-0 14. Nc2 Bg5 15. Bd3 Be6 16. Nce3 Qb8 17. 0-0 Qb7 18. Qh5 Bxe3 19. fxe3 Qa7 20. Rf3 Rad8 21. Raf1 Ne7 22. Kh1 Ng6 23. g4 Qd7 24. Rh3 h6 25. Nf6+ Kh8 1-0